000 00996nam a22002537a 4500
999 _c2813
_d2813
003 AR-CdUCM
008 190305b ||||| |||| 00| 0 spa d
040 _aMUNICIPALIDAD PROVINCIAL DEL CUSCO
_cBIBLIOTECA MUNICIPAL DEL CUSCO
041 _heng.
082 _a301.34 /
_bM22
100 _aMangin, William.
_99799
245 _aLas comunidades alteñas en la América Latina /
260 _aMéxico, D.F :
_bInstituto Indigenista Interamericano,
_c1967.
300 _a148 paginas ;
_bIlustraciones,
_c17 cm.
505 _aContenido :Los indios y los demás --Un caso del Perú --Clasificaciones generales --La cultura folk,la personalidad del campesino y la cultura de la pobreza ...
650 _aComunidades indígenas
_93290
650 _aAmérica latina
_94491
650 _aPerú
_935
700 _aHeath, Dwight B ( comentarios)
_99800
700 _aDaniel Cazés (traductor)
_99801
710 _aInstituto Indigenista Interamericano
_99802
942 _2ddc
_cLIBROS
945 _arjall